| 000 | 00585nam a22001817a 4500 | ||
|---|---|---|---|
| 999 |
_c14983 _d14983 |
||
| 003 | OSt | ||
| 082 | _2631.56 ATH/DR | ||
| 088 | _aP 172 | ||
| 100 |
_aATHIRA P _aBINITHA V. PAI _93388 |
||
| 245 | _aDrying studies of oyster mushroom | ||
| 260 |
_aTavanur 2007 _bKelappaji college of Agricultural Engineering and Technology |
||
| 300 | _a55 | ||
| 500 | _aDrying studies of oyster mushroom | ||
| 520 | _aDrying studies of oyster mushroom | ||
| 700 |
_aDr. Santhi Mary Mathew (Guide) _93359 |
||
| 856 | _uhttps://drive.google.com/open?id=1PgMnI-U4ypvCk44MIrNGyBcr7_U9WbyN | ||
| 942 | _cPR | ||